Applications of supramolecular chemistry (Record no. 76900)

MARC details
000 -LEADER
fixed length control field 00506 a2200181 4500
005 - DATE AND TIME OF LATEST TRANSACTION
control field 20140923103822.0
008 - FIXED-LENGTH DATA ELEMENTS--GENERAL INFORMATION
fixed length control field 140923b xxu||||| |||| 00| 0 eng d
020 ## - INTERNATIONAL STANDARD BOOK NUMBER
International Standard Book Number 9781439840146
080 ## - UNIVERSAL DECIMAL CLASSIFICATION NUMBER
Universal Decimal Classification number 544.23
Item number SCH
100 ## - MAIN ENTRY--PERSONAL NAME
Personal name Schneider, Hans-Jorg; ed.,
Role ed.,
245 ## - TITLE STATEMENT
Title Applications of supramolecular chemistry
260 ## - PUBLICATION, DISTRIBUTION, ETC. (IMPRINT)
Name of publisher, distributor, etc CRC
Date of publication, distribution, etc 2012
Place of publication, distribution, etc Boca Raton
300 ## - PHYSICAL DESCRIPTION
Extent xi, 441p.
653 ## - INDEX TERM--UNCONTROLLED
Uncontrolled term Supramolecular chromatography
653 ## - INDEX TERM--UNCONTROLLED
Uncontrolled term Supramolecular polymers
653 ## - INDEX TERM--UNCONTROLLED
Uncontrolled term Molecular tectonics
942 ## - ADDED ENTRY ELEMENTS (KOHA)
item type Books
Holdings
Lost status Source of classification or shelving scheme Not for loan Home library Current library Date acquired Cost, normal purchase price Total Checkouts Full call number Barcode Date last seen Date checked out Cost, replacement price Price effective from Koha item type
  Universal Decimal Classification   University Library University Library 13/03/2013 0.00 5 544.23 SCH 00070076 16/01/2020 27/11/2019 0.00 13/03/2013 Books
University Library, CUSAT